Indie: gigant několika tváří

India z pohľadu HDP štvrtá najväčšia ekonomika na svete. Stabilné podnikateľské prostredie. Vysoká úroveň vzdelania a ovládanie anglického jazyka. Vplyv britských kolonizátorov a Ameriky. Tolerancia k iným náboženstvám. India ako svetová veľmoc informačných technológií. Riziká spojené s exportnými a...

Full description

Saved in:
Bibliographic Details
Main Author: Havlíček, Karel
Format: Book Chapter
Language:Czech
Subjects:
Tags: Add Tag
No Tags, Be the first to tag this record!

MARC

LEADER 00000naa$a2200000$$$4500
001 0056216
005 20231018130453.8
041 0 |a cze 
044 |a CZ 
245 1 0 |a Indie: gigant několika tváří  |c Karel Havlíček 
520 |a India z pohľadu HDP štvrtá najväčšia ekonomika na svete. Stabilné podnikateľské prostredie. Vysoká úroveň vzdelania a ovládanie anglického jazyka. Vplyv britských kolonizátorov a Ameriky. Tolerancia k iným náboženstvám. India ako svetová veľmoc informačných technológií. Riziká spojené s exportnými aktivitami do Indie. 
610 2 0 |a podnikanie medzinárodné 
610 2 0 |a prostredie podnikateľské 
610 2 0 |a podmienky obchodné 
610 2 0 |a obchod zahraničný 
610 2 0 |a bariéry obchodu zahraničného 
610 2 0 |a riziko podnikateľské 
610 2 0 |a riziko bezpečnostné 
610 2 0 |a partneri obchodní 
610 2 0 |a rokovania obchodné 
610 2 0 |a technológie informačné 
610 2 0 |a India 
100 1 |a Havlíček, Karel